000
00291nam a2200109Ia 4500
008
190216s9999||||xx |||||||||||||| ||und||
100
_a
Kuttipuzha Krishnapilla
245
0
_a
Malayalam-Kunthipuzhayude Thiranjedutha Upanyasangal
260
_b
Nbs Kottayam
650
_a
Malayalam
942
_c
BK
999
_c
24966
_d
24966